An Embedded software primer / (Record no. 3645)

MARC details
000 -LEADER
fixed length control field 00722nam a22002292 4500
001 - CONTROL NUMBER
control field 0000013006
005 - DATE AND TIME OF LATEST TRANSACTION
control field 20151217145859.0
008 - FIXED-LENGTH DATA ELEMENTS--GENERAL INFORMATION
fixed length control field 090519s xx 000 0 eng d
020 ## - INTERNATIONAL STANDARD BOOK NUMBER
International Standard Book Number 8177581546 :
040 ## - CATALOGING SOURCE
Original cataloging agency KABU
Transcribing agency KABU
100 1# - MAIN ENTRY--PERSONAL NAME
Personal name Simon, David E.
-- 0000170054
245 13 - TITLE STATEMENT
Title An Embedded software primer /
Statement of responsibility, etc. David E. Simon.
250 ## - EDITION STATEMENT
Edition statement 1st ed.
260 ## - PUBLICATION, DISTRIBUTION, ETC. (IMPRINT)
Place of publication, distribution, etc. New Delhi :
Name of publisher, distributor, etc. Pearson Education,
Date of publication, distribution, etc. 1999.
300 ## - PHYSICAL DESCRIPTION
Extent 443 p. +
Accompanying material 1 CD-ROM.
650 #0 - SUBJECT ADDED ENTRY--TOPICAL TERM
Topical term or geographic name as entry element Embedded computer systems.
-- 0000156891
650 #0 - SUBJECT ADDED ENTRY--TOPICAL TERM
Topical term or geographic name as entry element Application software development.
-- 0000154667
650 #0 - SUBJECT ADDED ENTRY--TOPICAL TERM
Topical term or geographic name as entry element Real-time data processing.
-- 0000151345
852 1# - LOCATION
-- p3960 KES
908 ## - PUT COMMAND PARAMETER (RLIN)
Put command parameter 090519
950 ## - LOCAL HOLDINGS (RLIN)
-- 1
Holdings
Withdrawn status Lost status Source of classification or shelving scheme Not for loan Home library Current library Date acquired Total Checkouts Total Renewals Full call number Barcode Date last seen Date last checked out Price effective from Koha item type
    Library of Congress Classification   Kabarak, Main Campus Kabarak, Main Campus 17/12/2015 2 1 QA76.6 .S56 1999 c. 1 17574 25/11/2025 25/10/2025 17/12/2015 General Collection
Designed with assistance from East African Informatics Ltd